The economics of the transportation firm

Αποθηκεύτηκε σε:
Λεπτομέρειες βιβλιογραφικής εγγραφής
Κύριος συγγραφέας: Kneafsey, James T.
Μορφή: Βιβλίο
Γλώσσα:Undetermined
Έκδοση: Washington Lexington Books 1974
Θέματα:
Ετικέτες: Προσθήκη ετικέτας
Δεν υπάρχουν, Καταχωρήστε ετικέτα πρώτοι!
Thư viện lưu trữ: Trung tâm Học liệu Trường Đại học Cần Thơ
LEADER 00524nam a2200193Ia 4500
001 CTU_83593
008 210402s9999 xx 000 0 und d
082 |a 380.5 
082 |b K16 
100 |a Kneafsey, James T. 
245 4 |a The economics of the transportation firm 
245 0 |c James T. Kneafsey 
260 |a Washington 
260 |b Lexington Books 
260 |c 1974 
650 |a Transportation 
650 |z United States 
904 |i Qhieu(sửa) 
980 |a Trung tâm Học liệu Trường Đại học Cần Thơ